1703 1079 1516 1769 1741 1481 1050 1791 1050 1183 1251 1766 1535 1561 1925 1289 1448 1035 1542 1657 1933 1096 1845 1106 1618 1625 1250 1589 1295 1044 1068 1847 1702 1479 1687 1527 1275 1603 1510 1014 2000 1997 1030 1034 1735 1545 1412 1319 1274 1358 1936 1581 1508 1330 1893 1146 1986 1142 1729 1341 1255 1267 1278 1782 1386 1513 1024 1532 1278 1552 1207 1063 1842 1208 1382 1034 1436 1304 1889 1266 1225 1595 1874 1783 1990 1322 1033 1389 1591 1445 1146 1610 1782 1296 1000 1944 1341 1476 1667 BCNSPRNW ULIB Ver.6.0+V

เปลี่ยนเป็นภาษาไทย

Change to English
 แสดงรายละเอียดบรรณานุกรม
  กลับหน้าหลัก

Brief Record : Get Marc (ISO 2709) : E-mail record : QR code < ปิดหน้าต่าง
LEADER : 00000nam 2200000uu 4500
001    13399111848
003     ULIB
008    110711s2551||||th 000 0 tha d
020    9749508629
060 04 WG340^bส574ม 2551
100 0  สันต์ หัตถีรัตน์
245 10 มารู้จักความดันเลือดสูงกันเถอะ /^cสันต์ หัตถีรัตน์และกองบรรณาธิการนิตยสารหมอชาวบ้าน
250    พิมพ์ครั้งที่ 14
260    กรุงเทพฯ :^bหมอชาวบ้าน,^c2551
300    41 หน้า :^bภาพประกอบ ;^c22 ซม.
650  7 ความดันเลือดสูง
945    ^p50^l0^i18308
945    ^p50^l0^i18309
945    ^p50^l0^i18310
945    ^p50^l0^i24616
945    ^p50^l0^i24617
995    กัณชพร
999    ^aใช้งานได้ทุกระบบ
รายการนี้ยังไม่มีแท็ก
คุณยังไม่ได้ล็อกอิน คุณสามารถมีกิจกรรมร่วมกับเว็บไซต์ได้ แต่ต้องล็อกอินก่อน ::
  ล็อกอิน

รายการสื่อสารสนเทศ

ลำดับที่ ประเภท เลขเรียก/บาร์โค้ด สถานที่ สถานะ
1. วิทยาศาสตร์การแพทย์ และสุขภาพ
วิทยาศาสตร์การแพทย์ และสุขภาพ
WG340 ส574ม 2551 ฉ.4 
  Barcode: 24616
ห้องสมุดวิทยาเขตสวรรค์ประชารักษ์
►หนังสือทั่วไป
บนชั้น
2. วิทยาศาสตร์การแพทย์ และสุขภาพ
วิทยาศาสตร์การแพทย์ และสุขภาพ
WG340 ส574ม 2551 ฉ.5 
  Barcode: 24617
ห้องสมุดวิทยาเขตสวรรค์ประชารักษ์
►หนังสือทั่วไป
บนชั้น

รายการใกล้เคียง
    ผู้แต่ง [สันต์ หัตถีรัตน์]

    หัวเรื่อง [ความดันเลือดสูง]

BibComment


ยังไม่เคยถูกคอมเมนท์

คอมเมนท์ทรัพยากรรายการนี้
  คอมเมนท์: มารู้จักความดันเล..


 Copyright 2026. Bcnsprnw @Library